000 01505nam a2200373 i 4500
001 193021
003 ES-MaACL
005 20240707063032.0
007 ta
008 230723s2013 xx f r 000 0 spa d
020 _a9788497609676
035 _aRebiun28762457
040 _aUVa
_bspa
_cES-MaACL
080 _2536
080 _2621.5
245 1 3 _aUn recorrido por la historia de la transferencia de calor, la refrigeración y la climatización /
_cEnrique Torrella, [et al.] ; Grupo de Ingeniería Térmica (Univ. Politécnica de Valencia y Univ. Jaume I)
260 _aMadrid :
_bUniversidad Politécnica de Valencia :
_bUniversidad Jaume I,
_c[2013]
300 _a141p. ;
_c24 cm
336 _2rdacontent
_aTexto
337 _2rdamedia
_asin mediación
338 _2rdacarrier
_avolumen
500 _aCatalogación provisional. Signatura: N 8533. Depósito J.
650 0 7 _aRefrigeración-
_xHistoria
_9233823
650 0 7 _aCalor-
_xTransmisión
_9165140
700 1 _aTorrella, Enrique
_9233824
710 1 _aUniversidad Politécnica de Valencia.
_bGrupo de Ingeniería Térmica
_9233825
852 _aES-MaACL
_bR 152751
_cDEPOJ
_jN 8533
_hDonación: Enrique Torrella
_zEn proceso
_9200326
903 _9233824
_aTorrella, Enrique
_ednr
942 _n0
_cMONOGRAFIA
999 _c193021
_d193021